| 000 | 01501cam a2200373 a 4500 | ||
|---|---|---|---|
| 001 | 15689098 | ||
| 003 | ARRUPE | ||
| 005 | 20131001161353.0 | ||
| 008 | 090406s2008 enk b 001 0 eng | ||
| 010 | _a 2009277769 | ||
| 015 |
_aGBA894421 _2bnb |
||
| 016 | 7 |
_a014680904 _2Uk |
|
| 020 | _a9781847063427 | ||
| 020 | _a184706342X | ||
| 035 | _a(OCoLC)ocn212847630 | ||
| 040 |
_aUKM _cUKM _dBTCTA _dBAKER _dYDXCP _dBWKUK _dBWK _dBWX _dCDX _dIXA _dDLC |
||
| 042 |
_aukblcatcopy _alccopycat |
||
| 050 | 0 | 0 |
_aPR3592.R4 _bH63 2008 |
| 082 | 0 | 4 |
_a821.4 _222 |
| 100 | 1 |
_aHobson, Theo. _91919 |
|
| 245 | 1 | 0 |
_aMilton's vision : _bthe birth of Christian liberty / _cTheo Hobson. |
| 260 |
_aLondon : _bContinuum, _c2008. |
||
| 300 |
_axiv, 178 p. ; _c23 cm. |
||
| 504 | _aIncludes bibliographical references and index. | ||
| 600 | 1 | 0 |
_aMilton, John, _d1608-1674 _xReligion. _91920 |
| 650 | 0 |
_aChristianity and literature _zEngland _xHistory _y17th century. _91921 |
|
| 650 | 0 |
_aLiberty _xReligious aspects _xChristianity. _91922 |
|
| 856 | 4 | 2 |
_3Contributor biographical information _uhttp://www.loc.gov/catdir/enhancements/fy1116/2009277769-b.html |
| 856 | 4 | 1 |
_3Table of contents only _uhttp://www.loc.gov/catdir/enhancements/fy1116/2009277769-t.html |
| 856 | 4 | 2 |
_3Publisher description _uhttp://www.loc.gov/catdir/enhancements/fy1213/2009277769-d.html |
| 906 |
_a7 _bcbc _ccopycat _d2 _encip _f20 _gy-gencatlg |
||
| 942 |
_2lcc _cMONOGRAPH |
||
| 999 |
_c118200 _d118200 |
||